[Event "Stuttgart-chB int"]
[Site "Ditzingen"]
[Date "2012.05.19"]
[Round "5"]
[White "Pocrnic, Josip"]
[Black "Sieweck, Theodor"]
[Result "1/2-1/2"]
[WhiteElo "1855"]
[BlackElo "1411"]
[PlyCount "53"]
[EventDate "2012.05.17"]
[EventType "swiss"]
[EventRounds "7"]
[EventCountry "GER"]
[SourceTitle "EXT 2018"]
[Source "ChessBase"]
[SourceDate "2017.10.13"]
[SourceVersion "1"]
[SourceVersionDate "2017.10.13"]
[SourceQuality "1"]

1. e4 e5 2. Nf3 Nc6 3. Bc4 Be7 4. d4 exd4 5. c3 dxc3 6. Qd5 Nh6 7. Bxh6 0-0 8. Bc1 Nb4 9. Qd1 c2 10. Qe2 cxb1Q 11. Rxb1 d6 12. a3 Nc6 13. h3 Re8 14. 0-0 Bf6 15. Re1 Be6 16. Bb5 Bd7 17. Qd3 a6 18. Bc4 Be6 19. Bf4 h6 20. b4 Ne5 21. Nxe5 dxe5 22. Be3 Qxd3 23. Bxd3 Rad8 24. Red1 Rd7 25. Be2 Red8 26. Rxd7 Rxd7 27. Rd1 1/2-1/2

[Event "Stuttgart-chB int"]
[Site "Ditzingen"]
[Date "2012.05.18"]
[Round "4"]
[White "Wohlfahrt, Michael"]
[Black "Sieweck, Theodor"]
[Result "1-0"]
[WhiteElo "1767"]
[BlackElo "1411"]
[PlyCount "73"]
[EventDate "2012.05.17"]
[EventType "swiss"]
[EventRounds "7"]
[EventCountry "GER"]
[SourceTitle "EXT 2018"]
[Source "ChessBase"]
[SourceDate "2017.10.13"]
[SourceVersion "1"]
[SourceVersionDate "2017.10.13"]
[SourceQuality "1"]

1. e4 e5 2. Nf3 Nc6 3. Bc4 Bc5 4. c3 Nf6 5. d4 exd4 6. cxd4 Bb4+ 7. Bd2 Nxe4 8. Bxb4 Nxb4 9. Bxf7+ Kxf7 10. Qb3+ Ke8 11. Qxb4 Qe7 12. Qxe7+ Kxe7 13. 0-0 Re8 14. Re1 Kf8 15. Ne5 d5 16. f3 Nf6 17. Nc3 c6 18. b4 a6 19. a4 Bd7 20. g4 Be6 21. Kf2 Nd7 22. h3 Nxe5 23. dxe5 d4 24. Ne4 Re7 25. Nd6 Bb3 26. f4 Bc2 27. Ke2 d3+ 28. Kd2 Rd8 29. f5 Rc7 30. a5 Rcd7 31. Re3 Rxd6 32. exd6 Rxd6 33. Rae1 Rd7 34. g5 Kf7 35. h4 Rc7 36. Re6 Bb3 37. g6+ 1-0